000 00244nam a2200085Ia 4500
245 0 _aHuman rights : an introduction
100 _a O'BYRNE, Darren J. Harlow, Essex, 2003
_989429
942 _cBK
008 210825s9999 xx 000 0 und d
999 _c502624
_d502623